| 000 | 00673cam a2200241 4500500 | ||
|---|---|---|---|
| 005 | 20260329005027.0 | ||
| 041 | _afre | ||
| 042 | _adc | ||
| 100 | 1 | 0 |
_aDurand, Jean-Marie _eauthor |
| 245 | 0 | 0 | _aConnemara |
| 260 | _c2022. | ||
| 500 | _a83 | ||
| 690 | _aDéterminisme | ||
| 690 | _aEternel retour | ||
| 690 | _aLutte des classes | ||
| 690 | _aNicolas Mathieu | ||
| 690 | _aOrigine | ||
| 690 | _aréussite | ||
| 690 | _aSociologie | ||
| 690 | _aTransclasse | ||
| 786 | 0 | _nPhilosophie magazine | 157 | 3 | 2022-03-01 | p. 60-60 | 1951-1787 | |
| 856 | 4 | 1 | _uhttps://shs.cairn.info/magazine-philosophie-magazine-2022-3-page-60?lang=fr&redirect-ssocas=7080 |
| 999 |
_c1839600 _d1839600 |
||